Countries Sean Paul has Visited - Statistics

General Stats
  • This quiz has been taken 10 times
  • The average score is 40 of 44
Answer Stats
Continent Country % Correct
Oceania Australia
100%
Europe Belgium
100%
South America Colombia
100%
Europe France
100%
Europe Italy
100%
North America Jamaica
100%
Asia Japan
100%
Europe Netherlands
100%
Oceania New Zealand
100%
Europe Portugal
100%
Europe Spain
100%
Europe Sweden
100%
Europe United Kingdom
100%
North America United States of America
100%
Europe Austria
88%
Europe Bulgaria
88%
North America Canada
88%
North America Costa Rica
88%
Europe Croatia
88%
Europe Cyprus
88%
Europe Czech Republic
88%
Europe Finland
88%
Europe Germany
88%
Europe Hungary
88%
Asia Indonesia
88%
Asia Israel
88%
Asia Lebanon
88%
Europe Luxembourg
88%
Europe Montenegro
88%
Africa Morocco
88%
Europe Norway
88%
Europe Poland
88%
Europe Romania
88%
Europe Slovakia
88%
Africa South Africa
88%
Asia Sri Lanka
88%
Europe Switzerland
88%
North America Trinidad and Tobago
88%
Asia/ Europe Turkey
88%
Asia United Arab Emirates
88%
South America Chile
75%
Europe Denmark
75%
Asia Qatar
75%
Africa Zimbabwe
75%
No matching quizzes found
Score Distribution
Percent of People with Each Score
Percentile by Number Answered
Your Score History
You have not taken this quiz